[Event "ESP-ch U18"]
[Site "Salobrena"]
[Date "2021.07.28"]
[Round "4"]
[White "Calleja Gonzalez, Unai"]
[Black "Mamani Beltran, Deniman"]
[Result "0-1"]
[WhiteElo "1849"]
[BlackElo "2085"]
[PlyCount "131"]
[EventDate "2021.07.26"]
[EventType "swiss"]
[EventRounds "9"]
[EventCountry "ESP"]
[SourceTitle "CBM 203 Extra"]
[Source "ChessBase"]
[SourceDate "2021.09.30"]
[SourceVersion "1"]
[SourceVersionDate "2021.09.30"]
[SourceQuality "1"]

1. Nf3 g6 2. b3 Bg7 3. d4 c5 4. Bb2 cxd4 5. Nxd4 Nf6 6. e3 0-0 7. Be2 Nc6 8. 0-0 Re8 9. c4 e5 10. Nb5 d5 11. cxd5 Nxd5 12. Bc4 Be6 13. Bxd5 Bxd5 14. N1c3 Be6 15. Qe2 a6 16. Rfd1 Qb8 17. Nd6 Rd8 18. Nde4 Qc7 19. Nc5 Bf5 20. Nd5 Rxd5 21. Rxd5 Ne7 22. Nxa6 bxa6 23. Rd2 h5 24. Rc1 Qb6 25. Rcd1 Bg4 26. f3 Be6 27. Kh1 Nf5 28. Rd3 a5 29. Qd2 Kh7 30. e4 Nd4 31. f4 Bg4 32. Re1 Rc8 33. Bxd4 exd4 34. e5 Rd8 35. Re4 a4 36. b4 Bf8 37. a3 Bf5 38. Rdxd4 Rc8 39. Re1 Rc2 40. Qe3 Qc6 41. Qf3 Qc7 42. h3 Bh6 43. b5 Rc3 44. Re3 Rc1+ 45. Rd1 Bxf4 46. Ree1 Rc4 47. Rd6 Qa5 48. Rf1 Bxe5 49. Rd5 Rf4 50. Qe2 Re4 51. Qd2 Qxd2 52. Rxd2 Re3 53. Rd5 Bg3 54. Rdd1 Rxa3 55. Rf3 Rxf3 56. gxf3 a3 57. Kg2 Be5 58. b6 a2 59. f4 Bb1 60. fxe5 a1Q 61. Kg3 Qxe5+ 62. Kf2 Qc5+ 63. Kg3 Qxb6 64. Kf4 Bf5 65. Rd5 f6 66. Kg3 0-1

[Event "Getxo op 4th"]
[Site "Getxo"]
[Date "2019.09.10"]
[Round "4"]
[White "Calleja Gonzalez, Unai"]
[Black "Del Prado Rodriguez, Xulio"]
[Result "0-1"]
[WhiteElo "1797"]
[BlackElo "2081"]
[PlyCount "60"]
[EventDate "2019.09.08"]
[EventType "swiss"]
[EventRounds "9"]
[EventCountry "ESP"]
[SourceTitle "EXT 2020"]
[Source "ChessBase"]
[SourceDate "2019.10.17"]
[SourceVersion "1"]
[SourceVersionDate "2019.10.17"]
[SourceQuality "1"]

1. e4 e5 2. Nf3 Nc6 3. Bc4 Bc5 4. 0-0 Nf6 5. d3 a6 6. c3 d6 7. Bb3 h6 8. Nbd2 0-0 9. Re1 Ng4 10. Re2 Ba7 11. Nf1 Ne7 12. h3 Nf6 13. Ng3 Ng6 14. Re1 Re8 15. Bc2 Nh7 16. d4 Ng5 17. Nxg5 hxg5 18. dxe5 Nxe5 19. Nf5 Bxf5 20. exf5 g4 21. Be3 gxh3 22. g3 Bxe3 23. Rxe3 Nc4 24. Rxe8+ Qxe8 25. Qg4 Ne5 26. Qxh3 Nf3+ 27. Kh1 Qe2 28. Bb3 Qe4 29. Qg2 Qxf5 30. g4 Qh7+ 0-1

[Event "Portugalete Bizkaia-ch U16"]
[Site "Portugalete"]
[Date "2017.12.28"]
[Round "2.8"]
[White "Puente Diaz, Gorka"]
[Black "Calleja Gonzalez, Unai"]
[Result "1-0"]
[WhiteElo "1647"]
[BlackElo "1780"]
[PlyCount "69"]
[EventDate "2017.12.27"]
[EventType "swiss"]
[EventRounds "5"]
[EventCountry "ESP"]
[SourceTitle "EXT 2024"]
[Source "ChessBase"]
[SourceDate "2023.10.10"]
[SourceVersion "1"]
[SourceVersionDate "2023.10.10"]
[SourceQuality "1"]

1. e4 e6 2. d4 d5 3. e5 c5 4. c3 Nc6 5. Nf3 Nge7 6. a3 Bd7 7. b4 c4 8. Be2 h5 9. 0-0 a5 10. Bb2 a4 11. Nbd2 Ng6 12. Re1 Be7 13. Nf1 0-0 14. Ng3 Nh4 15. Nd2 Ng6 16. Rf1 Nf4 17. Bf3 Rc8 18. Ne2 Nxe2+ 19. Qxe2 Nxd4 20. cxd4 c3 21. Bc1 cxd2 22. Bxd2 Rc4 23. Qe3 Qb6 24. Bc3 Rfc8 25. Rac1 f5 26. exf6 Bxf6 27. Rfe1 Kf7 28. Qf4 Kg8 29. Qe3 Bg5 30. Qxg5 Rxc3 31. Rxc3 Rxc3 32. Qe7 h4 33. Bh5 Bc8 34. Bf7+ Kh7 35. Qxh4# 1-0